00988nam a22002657a 45000010005000000030006000050050017000110080041000280200018000690400029000870500015001160820012001311000020001432450086001632500046002492600037002953000042003325050007003745200217003815210019005985210018006176500032006356500014006677000041006813136FISKH20251126091632.0240208b cb ||||| |||| 00| 0 eng d a9780590462259 aFISKHbengcFISKHdFISKH aPZ7.P4445  a813.54  aPeterson, John  aThe Littles /cby John Peterson ; Interior illustrations by Roberta Carter Clark  aThis edition first printing, August 2007  aNew York : bScholastic, c1967  a80 pages : billustrations ; c20 cm  aN  aThe Littles are a family of tiny people who live in the Bigg family's house. Mr. Little is only six inches tall, and he is big for a Little. The Littles develop a plan to get rid of the mice in the Bigg's house. 8 a590 bLexile 8 aN bRaz-Plus  aFantasyvChildren's Fiction aAdventure aClark, Roberta Carter eillustrator